000 00626nam a2200193 i 4500
001 30137
003 ES-MaACL
005 20230906154138.0
007 t|
008 030123s1963 sp ||||1| spa d
100 1 _aBars, Henry.
_926091
245 1 3 _aLa política según Maritain /
_cHenry Bars ; prólogo de Jacques Maritain ; [versión española revisada por Antonio Pérez González].
250 _a1ª ed.
260 _aHospitalet :
_bNova Terra,
_c[1963]
300 _a249 p. ;
_c19 cm.
700 1 _aMaritain, Jacques.
_976903
700 1 _aPérez González, Antonio.
_990909
852 _aES-MaACL
_jC-25080
_bR.53700
999 _c30137
_d30137